000 01389 a2200253 4500
003 Nust
005 20170207154050.0
010 _a 2008022360
020 _a9780838909768 (alk. paper)
040 _cNust
082 0 0 _a027.70973
100 1 _aWoodward, Jeannette A.
245 1 0 _aCreating the customer-driven academic library(E-BOOK)
_cJeannette Woodward.
260 _aChicago :
_bAmerican Library Association,
_c2009.
300 _axi, 194 p. ;
_c23 cm.
505 0 _aReinventing the academic library -- Making it happen : leadership and the professional staff -- Public service staffing : past, present, and future -- A great place to be : creating a livable library -- Transforming spaces on tight budgets -- Making the transition to a twenty-first-century library -- Innovation at the forefront : the information commons, embedded librarians, and the library of the future -- Sharing our vision : marketing the academic library -- Customer service : making it all come together -- Evaluating our progress.
650 0 _aAcademic libraries
_xMarketing.
650 0 _aAcademic libraries
_xPublic relations.
650 0 _aAcademic libraries
_xSpace utilization
_xSocial aspects.
650 0 _aAcademic libraries
_zUnited States.
650 0 _aPublic services (Libraries)
651 _aE-BOOK
856 4 1 _3Table of contents only
_uhttp://www.loc.gov/catdir/toc/ecip0819/2008022360.html
942 _2ddc
_cBK
999 _c193071
_d193071